00515nam a2200169Ia 4500008004100000020001500041041001200056082001600068100001400084245003100098260002500129300000800154650001200162942000700174999001500181952014900196221030s9999 xx 000 0 und d a0074630393 aEnglish a105.23bBei aA. Beiser 0aConcepts Of Modern Physics bTMHaNew Delhic1998 a534 aPhysics cBK c1125d1125 pBE 98l0o105.23 Beir2024-06-13 00:00:00w2022-10-30yBK003Print4070aMIETLIBbMIETLIBcBL-Frist, FL-1, CUP-8, SH-4, R-4d1998-12-1610HBE